Statistiken für Teilnehmer Eurovision Song Contest 2020

Klicken Sie hier um das Quiz zu spielen!

Allgemein

  • Dieses Quiz wurde 98 mal gespielt
    (79 seit der letzten Aktualisierung)
  • Das Durchschnittsergebnis liegt bei 33 aus 39

Antwortstatistiken

Teilnehmer% Korrekt
Deutschland
97%
Schweden
94%
Spanien
94%
Belgien
93%
Finnland
93%
Albanien
91%
Irland
91%
Norwegen
91%
Portugal
91%
Vereinigtes Königreich
91%
Estland
90%
Litauen
90%
Russland
90%
Lettland
88%
Dänemark
87%
Italien
87%
Niederlande
87%
Polen
87%
Zypern
87%
Frankreich
85%
Tschechien
85%
Weißrussland
85%
Island
84%
Serbien
84%
Ukraine
84%
Rumänien
82%
Griechenland
81%
Österreich
81%
Aserbaidschan
79%
Australien
79%
Bulgarien
79%
Schweiz
79%
Slowenien
78%
Israel
75%
Kroatien
75%
Georgien
73%
Malta
73%
San Marino
72%
Nordmazedonien
70%

Verteilung der Resultate

Perzentil nach korrekt beantworteten Fragen

Anzahl Personen mit jedem Resultat

Ihre Resultats-Entwicklung

Sie haben dieses Quiz seit der letzten Aktualisierung nicht gespielt